000 00941nam a22002777a 4500
001 7322
003 FISKH
005 20250709140112.0
008 250709b cb ||||| |||| 00| 0 eng d
020 _a9781584764113
040 _aFISKH
_beng
_cFISKH
_dFISKH
050 _aPN6728.P482
082 _a741.5
100 _aKatschke, Judy
245 _aDuke and Fang :
_bOne dog with two very differnt sides /
260 _aNorwalk :
_bInnovative Kids,
_c2006.
300 _a24 unnumbered pages :
_bcolor illustrations ;
_c23 cm
490 _aPhonics Comics :
_vLevel 3, Vol. 6, Issue 1
505 _aL
520 _aUses a comic book format to present three phonics-based stories featuring Duke who changes into a fierce dog after eating Dr. Heckel's latest potion.
521 8 _a510
_bLexile
521 8 _aL
_bRaz-Plus
650 _aGraphic Novel
_vHumorous Stories
_xComic Book
942 _2ddc
_cBK
_n0
999 _c7322
_d7322